Motivación para el reinicio de las clases, 6 de enero 2009, "Después de epifanía regresemos a la escuela con alegría" (Record no. 8277)

MARC details
000 -LEADER
campo de control de longitud fija 00556nam a2200133Ia 4500
001 - NÚMERO DE CONTROL
campo de control 2667
008 - DATOS DE LONGITUD FIJA--INFORMACIÓN GENERAL
campo de control de longitud fija 241024s9999 xx 000 0 und d
082 ## - NÚMERO DE LA CLASIFICACIÓN DECIMAL DEWEY
Número de clasificación RD/379.7293/R426m/2009
100 ## - ENTRADA PRINCIPAL--NOMBRE DE PERSONA
Nombre de persona República Dominicana. Secretaría de Estado de Educacion. Subsecretaría de Participación Comunitaria Gestión y Descentralización Educativa
245 #0 - MENCIÓN DEL TÍTULO
Título Motivación para el reinicio de las clases, 6 de enero 2009, "Después de epifanía regresemos a la escuela con alegría"
260 ## - PUBLICACIÓN, DISTRIBUCIÓN, ETC.
Nombre del editor, distribuidor, etc. Santo Domingo
Fecha de publicación, distribución, etc. 2009
901 ## - ELEMENTOS DE DATOS A LOCAL LDA (RLIN)
a 5/12/2012 2:41:36 p.m.

No items available.

© 2024. Todos los Derechos Reservados. Desarrollado por IDEICE